000 00515nam a2200169Ia 4500
008 231217s9999 xx 000 0 und d
041 _aEnglish
082 _a621.38195 PRA2;1 R
100 _aPrasad, K V K K
245 0 _aEmbedded real-time systems : concepts, design and programming black book
260 _c2005
_bDreamtech press
_aNew Delhi
300 _a639
300 _cCD2414
500 _aContent page available
650 _aEmbedded,real-time,systems,:,concepts,,programming,black
942 _cAA
999 _c176630
_d176630